000 00775nam a22001937a 4500
999 _c370777
_d370777
008 201130b ||||| |||| 00| 0 eng d
040 _bger
_cDE-2950
_erda
_aDE-2950
041 _ager
100 _aWaldmann, Nancy:
245 _aKarl-Heinz Boßan packt aus.
_bDDR-Biografie: Der Ostbahn-Aktivist und Radio-Sammler aus Frankfurt arbeitete einige Jahre für dien Abteilung Aufklärung der Stasi.../
_cNancy Waldmann
264 _c2021
653 _aFrankfurt (Oder)
653 _aBoßan, Karl-Heinz, MfS-Mitarbeiter
773 _dFrankfurt (Oder): Märkisches Verlags- und Druckhaus GmbH & Co KG
_g32. Jahrgang (2021) Nr. 206 vom 04./05.09.2021, S. 20: Foto
_tMärkische Oderzeitung
942 _cA